| 000 | 00533nam a2200181 a 4500 | ||
|---|---|---|---|
| 005 | 20240911064009.0 | ||
| 008 | 991125s1971 mx 000 0 spa u | ||
| 035 | _aUPN01000009628 | ||
| 049 | _aCE | ||
| 050 | 4 |
_aZ711.2 _bL5.2 |
|
| 100 | 1 |
_aLitton, Gaston, _d1913-1996 _928976 |
|
| 245 | 1 | 0 |
_aCómo orientar al lector / _cGastón Litton. |
| 260 |
_aMéxico : _bCentro Regional de Ayuda Técnica, AID, _c1971. |
||
| 300 | _a218 p. | ||
| 440 | 0 | _aBreviarios del bibliotecario | |
| 650 | 4 |
_aBibliotecas y lectores _93877 |
|
| 905 | _aLibro | ||
| 999 |
_c9628 _d9628 |
||